Estadios de fútbol Primera División LaLiga 22/23 - Estadísticas

Estadísticas generales
  • Esta prueba ha sido intentada 500 veces
  • La puntuación promedio es 10 de 20
Estadísticas de respuestas
Imagen Respuesta % Correcto
Camp Nou
99%
San Mamés
88%
Estadio de Mestalla
75%
Estadio Benito Villamarín
74%
Metropolitano
64%
Reale Arena/Anoeta
56%
Santiago Bernabéu
55%
Estadio de Vallecas
47%
Estadio Ramón Sánchez-Pizjuán
46%
RCDE Stadium
46%
Estadio José Zorrilla
44%
Estadio de la Cerámica
43%
El Sadar
40%
Estadi Montilivi
39%
Coliseum Alfonso Pérez
38%
Manuel Martínez Valero
32%
Nuevo Mirandilla
30%
Power Horse Stadium ´Estadio de los Juegos Mediterráneos´
25%
Estadio Abanca Balaídos
24%
Visit Mallorca Estadi
6%
No se encontraron pruebas coincidentes
Distribución de puntuación
Porcentaje de gente con cada puntuación
Porcentaje por número respondido
Historial de tus puntuaciones
No has intentado esta prueba.